DIALOG-2 příkazy systému

Na minha lista:
Detalhes bibliográficos
Formato: Livro
Idioma:tcheco
Publicado em: Praha Ústředí vědeckých, technických a ekonomických informací 1985
Tags: Adicionar Tag
Sem tags, seja o primeiro a adicionar uma tag!

MARC

LEADER 00000nam a2200000 4500
001 c036783
005 20250926123152.7
041 0 |a cze 
044 |a CZ 
245 1 0 |a DIALOG-2  |b příkazy systému 
264 1 |a Praha  |b Ústředí vědeckých, technických a ekonomických informací  |c 1985 
300 |a 15 s.